| 000 | 00399 a2200181 4500 | ||
|---|---|---|---|
| 001 | 123977 | ||
| 020 | _a9788596009799 | ||
| 040 | _cEscola Canadense de Niteroi | ||
| 100 | _aDemétrio Gowdak | ||
| 245 | 1 | 0 | _aCiências Novo Pensar 9° Ano |
| 250 | _a1 ed | ||
| 260 | _aSão Paulo | ||
| 300 |
_a448 p. _bil. |
||
| 362 | 0 | _a2017 | |
| 490 | 0 | _aNovo Pensar | |
| 650 | 4 | _aCiências | |
| 942 | _cBK | ||
| 999 |
_c123977 _d123977 |
||